An agenda for facilities management research (Record no. 37083)

MARC details
000 -LEADER
fixed length control field 00799cab a2200265 4500
001 - CONTROL NUMBER
control field ABS46945
008 - FIXED-LENGTH DATA ELEMENTS--GENERAL INFORMATION
fixed length control field 090401t1992 xxu||||| |||| 00| 0 eng d
035 ## - SYSTEM CONTROL NUMBER
System control number (Sirsi) u60189
041 ## - LANGUAGE CODE
Language code of text/sound track or separate title eng
100 ## - MAIN ENTRY--PERSONAL NAME
Personal name Alexander, K.
245 #3 - TITLE STATEMENT
Title An agenda for facilities management research
260 ## - PUBLICATION, DISTRIBUTION, ETC.
Date of publication, distribution, etc. 1992
350 ## - PRICE (NR) (BK AM CF MU VM SE) [OBSOLETE]
Price 0
490 ## - SERIES STATEMENT
Series statement Facilities
Volume/sequential designation 10(7) July 1992, 6-23(18)
520 ## - SUMMARY, ETC.
Summary, etc. A round-up of major research in facilities management being undertaken at the universities of Salford, Strathclyde and University College London.
650 ## - SUBJECT ADDED ENTRY--TOPICAL TERM
Topical term or geographic name entry element FACILITIES MANAGEMENT
9 (RLIN) 6240
650 ## - SUBJECT ADDED ENTRY--TOPICAL TERM
Topical term or geographic name entry element RESEARCH
690 ## - LOCAL SUBJECT ADDED ENTRY--TOPICAL TERM (OCLC, RLIN)
Topical term or geographic name as entry element OFFICE SERVICES AND ADMINISTRATION
700 ## - ADDED ENTRY--PERSONAL NAME
Personal name McLennan, P.
700 ## - ADDED ENTRY--PERSONAL NAME
Personal name Nutt, B.
700 ## - ADDED ENTRY--PERSONAL NAME
Personal name Barrett, P.
700 ## - ADDED ENTRY--PERSONAL NAME
Personal name Finch, E.
942 ## - ADDED ENTRY ELEMENTS (KOHA)
Suppress in OPAC 0
948 ## - LOCAL PROCESSING INFORMATION (OCLC); SERIES PART DESIGNATOR (RLIN)
c (OCLC) 04/03/1997
Holdings
Withdrawn status Lost status Source of classification or shelving scheme Damaged status Not for loan Home library Current library Shelving location Date acquired Total Checkouts Full call number Barcode Date last seen Copy number Price effective from Koha item type
    Dewey Decimal Classification     London London Journal article 14/09/1999   ABS46945 60189-1001 06/08/2019 1 06/08/2019 Journal article